Statistics for World Political Figures by Picture

Click here to take the quiz!

General Stats

  • This quiz has been taken 62 times
  • The average score is 9 of 16

Answer Stats

Answer % Correct
Vladimir Putin
100%
Donald Trump
100%
Kim Jong Un
100%
Justin Trudeau
97%
Theresa May
90%
Emmanuel Macron
90%
Benjamin Netanyahu
81%
Recep Tayyip Erdogan
68%
Nicolas Maduro
47%
Xi Jinping
44%
Viktor Orban
39%
Aung San Suu Kyi
20%
Leo Varadkar
17%
Alexander Lukashenko
17%
Daniel Ortega
12%
Andrej Plenkovic
3%

Score Distribution

Percentile by Number Answered

Percent of People with Each Score

Your Score History

You have not taken this quiz